LEADER 01357cam0-2200445---450- 001 990008765160403321 005 20120102143751.0 010 $a978-88-568-0200-9 035 $a000876516 035 $aFED01000876516 035 $a(Aleph)000876516FED01 035 $a000876516 100 $a20081125d2007----km-y0itay50------ba 101 0 $aita 102 $aIT 105 $aa-------001yy 200 1 $aIntervento pubblico e politica economica fascista$fa cura di Domenicantonio Fausto$gprefazione di Antonio Pedone 210 $aMilano$cFrancoAngeli$dİ2007 215 $aX, 767 p.$d24 cm 225 1 $a<>finanza pubblica$v43 610 0 $aItalia$aStoria economica$a1921-1943 676 $a945.091 5$v20$zita 702 1$aFausto,$bDomenicantonio 702 1$aPedone,$bAntonio 801 0$aIT$bUNINA$gRICA$2UNIMARC 901 $aBK 912 $a990008765160403321 952 $aN4.426$b1102/DE$fDECTS 952 $aN4.427$b1103/DE$fDECTS 952 $aN4.428$b1104/DE$fDECTS 952 $aN4.429$b1105/DE$fDECTS 952 $aN4.430$b1106/DE$fDECTS 952 $aCollez. 448 (43)$b43707$fFSPBC 952 $aVI C 1072$b43895$fFSPBC 952 $aXXXI B 1423.25$b2239$fNAP02 959 $aDECTS 959 $aFSPBC 959 $aNAP02 996 $aIntervento pubblico e politica economica fascista$9238597 997 $aUNINA LEADER 01264nam--2200385---450- 001 990000389540203316 005 20060418160432.0 035 $a0038954 035 $aUSA010038954 035 $a(ALEPH)000038954USA01 035 $a0038954 100 $a20010404d1984----km-y0itay0103----ba 101 $ait 102 $aITA 105 $a||||||||001yy 200 1 $a<> buon selvaggio nella cultura francese del Settecento$fEnea Balmas 210 $aFasano$cSchena$d1984 215 $a320 p.$ctav.$d21 cm 225 2 $aBiblioteca della ricerca$iCultura francese$v3 410 $12001$aBiblioteca della ricerca$iCultura francese$v3 606 0 $aBuon selvaggio nella letteratura francese$zsec. 18. 610 0 $aBuon selvaggio$xMiti$yFrancia$zsec.18. 676 $a840.9352 700 1$aBALMAS,$bEnea$0131140 801 0$aIT$bsalbc$gISBD 912 $a990000389540203316 951 $aVI.4.B. 709(V E COLL. 189/3)$b107607 LM$cV E COLL. 189/3 959 $aBK 969 $aUMA 979 $aPATTY$b90$c20010404$lUSA01$h1006 979 $c20020403$lUSA01$h1647 979 $aPATRY$b90$c20040406$lUSA01$h1627 979 $aCOPAT5$b90$c20060418$lUSA01$h1604 996 $aBuon selvaggio nella cultura francese del settecento$971420 997 $aUNISA LEADER 01464nam 2200361 n 450 001 996391655703316 005 20200824121840.0 035 $a(CKB)4940000000107803 035 $a(EEBO)2240953668 035 $a(UnM)99862292e 035 $a(UnM)99862292 035 $a(EXLCZ)994940000000107803 100 $a19921013d1647 uy | 101 0 $aeng 135 $aurbn||||a|bb| 200 12$aA sermon preached to the two Houses of Parliament$b[electronic resource] $eat their solemn meeting to praise God for his infinite mercy in the restoring of the said Houses of Parliament to their honor and freedome with so little effusion of blood: at the Abbey-Church in Westminster, Aug. 12. 1647. /$fBy Stephen Marshall, B.D. Minister of Finchingfield in Essex 210 $aLondon, $cPrinted by R. Cotes for Stephen Bowtell, at the Bible in Popeshead-Alley$d1647 215 $a[4], 24, 27-30 p 300 $aOrder to print on verso of title page. 300 $aText is continuous despite pagination. 300 $aReproduction of the original in the British Library. 330 $aeebo-0018 606 $aSermons, English$y17th century 615 0$aSermons, English 700 $aMarshall$b Stephen$f1594?-1655.$01001459 801 0$bCu-RivES 801 1$bCu-RivES 801 2$bCStRLIN 801 2$bWaOLN 906 $aBOOK 912 $a996391655703316 996 $aA sermon preached to the two Houses of Parliament$92325563 997 $aUNISA